Statystyki dla Największe miasta w Szwecji • A-Ö

Kliknij tutaj aby rozwiązać quiz!

Ogólne statystyki

  • Ten quiz został rozwiązany 164 razy
  • Średni wynik to 6 z 23

Statystyki odpowiedzi

#Szwedzkie miasto% Poprawnych
SSztokholm
94%
MMalmö
91%
GGöteborg
79%
ÖÖrebro
41%
JJönköping
40%
UUppsala
40%
LLinköping
32%
YYstad
32%
HHelsingborg
29%
NNorrköping
29%
FFalun
20%
VVästerås
20%
EEskilstuna
12%
BBorås
11%
KKarlstad
9%
PPiteå
4%
TTäby
4%
AAlingsås
2%
ÄÄngelholm
2%
DDjursholm
2%
OOskarshamn
2%
ÅÅmål
1%
RRonneby
1%

Rozkład punktacji

Percentyl według liczby udzielonych odpowiedzi

Procent ludzi z każdym wynikiem

Twoja historia wyników

Nie rozwiązałeś tego quizu